Με ποιά κριτήρια επιλέγει ο Ελληνας εκπαιδευτικός το επάγγελμα του : μια εμπειρική έρευνα
Αποθηκεύτηκε σε:
| Κύριος συγγραφέας: | |
|---|---|
| Μορφή: | Βιβλίο |
| Γλώσσα: | Greek |
| Δημοσίευση: |
Θεσσαλονίκη :
Κυριακίδης,
1982.
|
| Σειρά: | Παιδαγωγική και εκπαίδευση ;
v.4 |
| Θέματα: | |
| Ετικέτες: |
Προσθήκη ετικέτας
Δεν υπάρχουν, Καταχωρήστε ετικέτα πρώτοι!
|
MARC
| LEADER | 00000cam a2200000 i 4500 | ||
|---|---|---|---|
| 001 | 1/21896 | ||
| 008 | 960712s1982 gr | ||| |||| ||gre|| | ||
| 035 | |a 1987 |c Αγορά |l 10036421 | ||
| 040 | |a GR-MY-UA |b gre |e aacr | ||
| 041 | 0 | |a gre | |
| 082 | 7 | |a 371.1009495 |2 (22) | |
| 100 | 1 | |a Δημητριάδου, Κατερίνα. | |
| 245 | 1 | 0 | |a Με ποιά κριτήρια επιλέγει ο Ελληνας εκπαιδευτικός το επάγγελμα του : |b μια εμπειρική έρευνα / |c Κατερίνα Δημητριάδου. |
| 260 | |a Θεσσαλονίκη : |b Κυριακίδης, |c 1982. | ||
| 300 | |a 159 σ. : |b εικ. ; |c 21 εκ. | ||
| 490 | 1 | |a (Παιδαγωγική και εκπαίδευση ; |v vol.4) | |
| 504 | |a Βιβλιογραφία : σ. [111]-115. | ||
| 650 | 0 | 0 | |a Educators |z Greece. |
| 650 | 0 | 0 | |a Teachers |z Greece |x Attitudes. |
| 650 | 0 | 0 | |a Teaching. |
| 830 | 0 | |a Παιδαγωγική και εκπαίδευση ; |v v.4 | |
| 852 | |a INST |b RHODES |e 19960712 |h 371.1009495 ΔΗΜ |p 005400004184 |q 005400004184 |t BK |y 0 | ||
| 909 | |a Ρ |b 007038 | ||
| 970 | |z 1996/07 | ||